| 000 | 01048nam a2200289 i 4500 | ||
|---|---|---|---|
| 003 | EG-ScBUE | ||
| 005 | 20231221094203.0 | ||
| 008 | 100817s1981 u f b 000 0aara d | ||
| 017 | _a1981 / 2869 | ||
| 020 | _a9777323395 | ||
| 040 |
_aEG-ScBUE _bara _erda _cEG-ScBUE _dEG-ScBUE |
||
| 043 | _af-ua--- | ||
| 082 | 0 | 4 |
_222 _a079.62092 _bأ م ي |
| 100 | 1 |
_917510 _aأمين ، مصطفى، _d1914-1997، _eمؤلف. |
|
| 245 | 1 | 0 |
_aمن عشرة لعشرين / _cمصطفى أمين. |
| 264 | 1 |
_aالقاهرة : _bالمكتب المصري الحديث، _c[1981] |
|
| 300 |
_a403 صفحة ؛ _c24 سم |
||
| 336 |
_2rdacontent _aنص _btxt |
||
| 337 |
_aبدون وسيط _2rdamedia _bn |
||
| 338 |
_aمجلد _bnc _2rdacarrier |
||
| 504 | _aيشتمل على إرجاعات ببليوجرافية. | ||
| 541 |
_aألف باء ؛ _cشراء ؛ |
||
| 600 | 1 | 7 |
_2BUEsh _aأمين، مصطفى، _d1914-1997 _xمذكرات. |
| 650 | 7 |
_aالصحفيون المصريون _vتراجم. _2BUEsh |
|
| 655 | _vReading book | ||
| 942 |
_2ddc _cBB |
||
| 999 |
_c14671 _d14671 |
||